Vox : (Record no. 196232)

MARC details
000 -LEADER
campo de control de longitud fija 01290nam a2200373 i 4500
001 - NÚMERO DE CONTROL
campo de control 196232
003 - IDENTIFICADOR DE NÚMERO DE CONTROL
campo de control ES-MaACL
005 - FECHA Y HORA DE LA ÚLTIMA TRANSACCIÓN
campo de control 20250804062711.0
007 - CAMPO FIJO DE DESCRIPCIÓN FÍSICA--INFORMACIÓN GENERAL
campo de control de longitud fija ta
008 - DATOS DE LONGITUD FIJA--INFORMACIÓN GENERAL
campo de control de longitud fija 240820t19931993us gr|||| 000 1 eng d
020 ## - NÚMERO INTERNACIONAL ESTÁNDAR DEL LIBRO
Número Internacional Estándar del Libro 9780679742111
035 ## - NÚMERO DE CONTROL DEL SISTEMA
Número de control de sistema (OCoLC)493144861
035 ## - NÚMERO DE CONTROL DEL SISTEMA
Número de control de sistema 113770758
040 ## - FUENTE DE CATALOGACIÓN
Centro catalogador/agencia de origen ABES
Lengua de catalogación fre
Normas de descripción AFNOR
Centro/agencia transcriptor ES-MaACL
041 0# - CÓDIGO DE IDIOMA
Fuente del código 639-2
100 1# - ENTRADA PRINCIPAL--NOMBRE DE PERSONA
Número de control del registro de autoridad o número normalizado (IdRef)030154820
URI de un objeto del mundo real http://www.idref.fr/030154820/id
Nombre de persona Baker, Nicholson,
Fechas asociadas al nombre 1957
9 (RLIN) 238544
245 10 - MENCIÓN DEL TÍTULO
Título Vox :
Resto del título a novel /
Mención de responsabilidad, etc. Nicholson Baker.
260 ## - PUBLICACIÓN, DISTRIBUCIÓN, ETC.
Lugar de publicación, distribución, etc. New York :
Nombre del editor, distribuidor, etc. Vintage,
Fecha de publicación, distribución, etc. cop. 1993.
300 ## - DESCRIPCIÓN FÍSICA
Extensión 165 p. :
Otras características físicas il. ;
Dimensiones 21 cm.
336 ## - TIPO DE CONTENIDO
Código de tipo de contenido txt
Fuente rdacontent
Término de tipo de contenido texto
337 ## - TIPO DE MEDIO
Código del tipo de medio n
Fuente rdamedia
Nombre/término del tipo de medio sin mediación
337 ## - TIPO DE MEDIO
Código del tipo de medio n
Fuente isbdmedia
Nombre/término del tipo de medio sin mediación
338 ## - TIPO DE SOPORTE
Fuente rdacarrier
Nombre/término del tipo de soporte volumen
490 1# - MENCIÓN DE SERIE
Mención de serie Vintage contemporaries
650 #7 - PUNTO DE ACCESO ADICIONAL DE MATERIA--TÉRMINO DE MATERIA
Fuente del encabezamiento o término embne
9 (RLIN) 137408
Término de materia o nombre geográfico como elemento de entrada Novela inglesa
655 #0 - TERMINO DE INDIZACIÓN--GENERO/FORMA
Datos o término principal de género/forma Novelas
9 (RLIN) 234319
830 #0 - PUNTO DE ACCESO ADICIONAL DE SERIE-TÍTULO UNIFORME
Título uniforme Vintage contemporaries
9 (RLIN) 238545
852 ## - LOCALIZACIÓN
Ubicación ES-MaACL
Ubicación en estantería Depósito 1
Número de control de estantería A-15344
Donativo/Legado Donación: José Manuel Duarte Cendán
itemnumber 203980
903 ## - NOMBRE PERSONAL DE DONANTE
a Duarte Cendán, José Manuel
q 1
e Donante
9 238529
942 ## - ELEMENTOS DE ENTRADA SECUNDARIOS (KOHA)
Suprimir en OPAC No
Tipo de ítem Koha Libro impreso
Holdings
Estatus retirado Estado de pérdida Fuente del sistema de clasificación o colocación Estado de daño No para préstamo Biblioteca de origen Biblioteca actual Ubicación en estantería Fecha de adquisición Fuente de adquisición Total de préstamos Signatura topográfica completa Código de barras Visto por última vez Precio de reemplazo Tipo de ítem Koha
    Clasificación decimal universal     Biblioteca del Ateneo de Madrid Biblioteca del Ateneo de Madrid Depósito 1 02/08/2024 Donación   A-15344 101228789 20/08/2024 20/08/2024 Libro impreso